000 nam a22 4500
999 _c2320
_d2320
003 AKMAL
005 20170516094350.0
008 170516s2000 my 00 eng d
020 _a967611112 (pbk.):
_cRM15.00
040 _aAKMAL
082 0 4 _a428.07 MOH
_221
090 0 0 _a428.07
_bMOH
100 0 _aMohd Azam Nair
_94846
245 1 0 _aTeaching of English as a foreign language :
_bmethods, approaches and techniques-from theory to practice /
_cby Mohd Azam Nair
260 _aKuala Lumpur :
_bUtusan Publications & Distributors,
_c2000
300 0 0 _aviii, 179p. ;
_c22cm
504 _aBibliography: p. 174-178
650 0 _aEnglish language
_xStudy and teaching
_xForeign speakers
_94847
942 _2ddc
_cBOOK